000 00372nam a22001457a 4500
008 230606b xxu||||| |||| 00| 0 eng d
020 _a9780314275448
082 _a340.0320
_bGAR
100 _cThomson Reuters
245 _aBlack's Law Dictionary
_bFourth Pocket Edition
250 _a4
260 _aUSA
_bWest Publishing Co.
_c1996
300 _aXIX,860p
942 _2ddc
_cBK
999 _c642
_d642